| 000 | 00687nam a22001577a 4500 | ||
|---|---|---|---|
| 008 | 170809b xxu||||| |||| 00| 0 eng d | ||
| 082 |
_22016 _aUT 0815 _bAr21 |
||
| 100 |
_921791 _aArcayda, Alma Mae S. |
||
| 245 |
_aWaste oil Management and Disposal Practices of Auto Repair Shops and Motorcycle Repair Shops in Selected Barangays in Digos City/ _cAlma Mae S. Arcayda, Jenny Rey P. Ordaniza and Noveia Clowie J. Trugillo. |
||
| 260 |
_aDigos City: _bUMDC _cNovember 2016. |
||
| 300 |
_a62 pages; _c29 cm. |
||
| 650 | 0 |
_921792 _aEducation _vBiological Science _xUndergraduate thesis. |
|
| 700 |
_921793 _aOrdaniza, Jenny Rey P. |
||
| 700 |
_921794 _aTrugillo, Noveia Clowie J. |
||
| 942 |
_2ddc _cUT |
||
| 999 |
_c7199 _d7199 |
||